Statistics for Universities of North Carolina

Click here to take the quiz!

General Stats

  • This quiz has been taken 58 times
  • The average score is 9 of 16

Answer Stats

Answer% Correct
UNC Chapel Hill
96%
North Carolina A&T State University
88%
UNC Charlotte
86%
UNC Wilmington
80%
UNC Greensboro
73%
UNC Asheville
71%
North Carolina State University
67%
East Carolina University
63%
Appalachian State University
57%
UNC Pembroke
53%
Western Carolina University
53%
North Carolina Central University
45%
Fayetteville State University
43%
Winston Salem State University
39%
Elizabeth City State University
24%
North Carolina School of Science and Mathematics
2%

Score Distribution

Percentile by Number Answered

Percent of People with Each Score

Your Score History

You have not taken this quiz